100 Most Polluted Cities (2024) - Statistics

General Stats
  • This quiz has been taken 85 times
  • The average score is 10 of 100
Answer Stats
Rank Country AQI Score Answer % Correct
2 India 108.3 Delhi
100%
10 India 91.6 New Delhi
98%
5 Pakistan 102.1 Lahore
78%
26 Bangladesh 78.0 Dhaka
68%
57 Vietnam 63.5 Thạch Thất
65%
91 India 53.7 Jaipur
54%
84 India 55.6 Lucknow
48%
8 Chad 91.8 N'Djamena
48%
73 DRC 57.9 Kinshasa
45%
13 Pakistan 88.8 Faisalabad
38%
34 India 73.7 Patna
35%
52 Pakistan 65.8 Rawalpindi
34%
76 India 57.3 Amritsar
29%
12 Pakistan 91.0 Peshawar
26%
11 Pakistan 91.4 Multan
19%
22 India 79.5 Noida
16%
41 India 69.7 Chandigarh
15%
64 India 60.8 Ludhiana
14%
32 India 74.5 Ghaziabad
13%
3 Kazakhstan 104.8 Karaganda
13%
70 India 58.7 Meerut
13%
93 India 53.5 Gwalior
11%
6 India 101.2 Faridabad
9%
15 India 87.4 Gurgaon
9%
98 India 53.2 Guwahati
9%
37 India 72.2 Asansol
8%
94 India 53.5 Kota
8%
14 Pakistan 88.8 Sialkot
8%
77 India 57.1 Howrah
6%
88 India 55.1 Aurangabad
5%
83 India 55.7 Bikaner
4%
87 China 55.2 Kashgar
4%
85 Indonesia 55.6 Tangerang
4%
30 India 76.5 Bhagalpur
3%
36 India 72.3 Durgapur
3%
18 India 83.5 Greater Noida
3%
20 India 83.1 Muzaffarnagar
3%
46 India 67.0 Muzaffarpur
3%
56 India 63.8 Panipat
3%
35 India 73.6 Rohtak
3%
55 India 64.3 Agartala
1%
66 India 60.1 Bulandshahr
1%
1 India 128.2 Byrnihat
1%
40 India 70.3 Chhapra
1%
7 Pakistan 93.0 Dera Ismail Khan
1%
60 India 61.5 Hisar
1%
17 China 84.5 Hotan
1%
9 India 91.7 Loni
1%
75 India 57.3 Rajgir
1%
44 India 67.5 Saharsa
1%
82 India 56.0 Samastipur
1%
39 India 71.2 Singrauli
1%
61 India 61.3 Siwan
1%
74 India 57.4 Sonipat
1%
63 Indonesia 61.1 South Tangerang
1%
16 India 86.6 Sri Ganganagar
1%
80 South Africa 56.5 Akasia
0%
45 India 67.5 Angul
0%
31 India 74.7 Araria
0%
47 India 66.7 Baddi
0%
27 India 77.9 Bahadurgarh
0%
24 India 78.6 Ballabgarh
0%
100 India 52.9 Barbil
0%
72 India 58.2 Barrackpore
0%
19 India 83.1 Bhiwadi
0%
50 India 66.2 Bhiwani
0%
43 Kazakhstan 67.7 Burabay
0%
62 India 61.1 Buxar
0%
33 India 74.3 Charkhi Dadri
0%
29 Pakistan 77.4 Charsadda
0%
95 India 53.4 Chittorgarh
0%
42 India 69.1 Dharuhera
0%
58 India 62.8 Dholpur
0%
99 India 53.2 Gummidipoondi
0%
38 India 71.8 Hajipur
0%
21 India 79.9 Hanumangarh
0%
48 India 66.7 Hapur
0%
71 Pakistan 58.4 Haripur
0%
86 India 55.4 Jhunjhunu
0%
90 India 53.7 Jind
0%
97 India 53.3 Kaithal
0%
92 China 53.5 Kizilsu Prefecture
0%
79 India 56.7 Kurukshetra
0%
69 India 59.5 Mandideep
0%
25 India 78.4 Mandi Gobindgarh
0%
54 India 65.4 Manesar
0%
49 Pakistan 66.4 Mangla
0%
4 India 102.3 Mullanpur Dakha
0%
51 India 65.8 Munger
0%
59 India 61.6 Nalbari
0%
65 India 60.2 Pali
0%
68 India 59.7 Panchkula
0%
23 Pakistan 78.8 Pindi Bhattian
0%
67 India 60.0 Purnia
0%
78 Indonesia 56.9 Purwakarta
0%
96 Peru 53.4 Santa María
0%
28 Bangladesh 77.7 Sreepur
0%
53 India 65.7 Talcher
0%
89 India 54.4 Tonk
0%
81 India 56.4 Yamuna Nagar
0%
No matching quizzes found
Score Distribution
Percent of People with Each Score
Percentile by Number Answered
Your Score History
You have not taken this quiz